| 000 | 00364nam a22001577a 4500 | ||
|---|---|---|---|
| 003 | SGT | ||
| 020 | _a978-81-312-5293-2 | ||
| 082 |
_a611 _bA19S |
||
| 100 | _aSINGH, VISHRAM | ||
| 245 | _aTB. OF ANATOMY ABDOMEN & LOWER LIMB VOL-2 | ||
| 250 | _a3RD | ||
| 260 |
_aINDIA _bELSEVIER PUB _c2019 |
||
| 300 | _a504 | ||
| 650 | _aHUMAN ANATOMY | ||
| 942 |
_2ddc _cBK _060 |
||
| 999 |
_c18785 _d18785 |
||